[Event "WCC2000"]
[Site "Shenyang"]
[Date "2000.09.02"]
[EventDate "?"]
[Round "2"]
[Result "1-0"]
[White "Viswanathan Anand"]
[Black "Alexander Khalifman"]
[WhiteElo "2762"]
[BlackElo "2667"]
[PlyCount "79"]

1. e4 c5 2. Nf3 d6 3. d4 cxd4 4. Nxd4 Nf6 5. Nc3 a6 6. Be3 e6
7. f3 b5 8. g4 h6 9. Qd2 Nbd7 10. O-O-O Bb7 11. h4 b4 12. Na4
Qa5 13. b3 Nc5 14. a3 Rc8 15. Qxb4 Qc7 16. Kb1 Ncd7 17. Qd2 d5
18. Bh3 dxe4 19. g5 hxg5 20. hxg5 Nd5 21. fxe4 Nxe3 22. Qxe3
Ne5 23. Rhf1 Bxa3 24. g6 Nxg6 25. Bxe6 fxe6 26. Nxe6 Qe7
27. Qb6 Nf8 28. Rd8+ Rxd8 29. Nc7+ Qxc7 30. Qxc7 Rd7 31. Qb8+
Ke7 32. Qe5+ Ne6 33. Rg1 Kf7 34. Nb6 Rhd8 35. Ka2 Bf8 36. Nxd7
Rxd7 37. Qf5+ Ke7 38. Rf1 Bc8 39. Qf7+ Kd6 40. e5+ 1-0

[Event "EUCup 16th"]
[Site "Neum"]
[Date "2000.09.24"]
[EventDate "?"]
[Round "1.1"]
[Result "1-0"]
[White "Nikola Mitkov"]
[Black "Sergei Rublevsky"]
[WhiteElo "2578"]
[BlackElo "2695"]
[PlyCount "49"]

1. e4 c5 2. Nf3 e6 3. d4 cxd4 4. Nxd4 a6 5. Nc3 Qc7 6. Bd3 Nc6
7. Be3 Nf6 8. O-O Ne5 9. h3 Bc5 10. Kh1 d6 11. f4 Ng6 12. Qe1
O-O 13. f5 Ne5 14. Qh4 Bd7 15. Rf3 Nxf3 16. gxf3 Kh8 17. Rg1
Qd8 18. e5 dxe5 19. Rxg7 Rg8 20. Rxg8+ Kxg8 21. Bg5 Be7
22. Ne4 Nd5 23. f6 Qb6 24. Nc5 Qxc5 25. Qxh7+ 1-0

[Event "ECC"]
[Site "Panormo GRE"]
[Date "2001.09.28"]
[EventDate "2001.09.22"]
[Round "6"]
[Result "1-0"]
[White "Peter Svidler"]
[Black "Alexander Grischuk"]
[WhiteElo "2695"]
[BlackElo "2669"]
[PlyCount "61"]

1. e4 e5 2. Nf3 Nc6 3. Bb5 a6 4. Ba4 Nf6 5. O-O Be7 6. Re1 b5
7. Bb3 d6 8. c3 O-O 9. h3 Re8 10. d4 Bb7 11. Nbd2 Bf8 12. a4
h6 13. d5 Nb8 14. c4 c6 15. axb5 axb5 16. Rxa8 Bxa8 17. cxb5
cxd5 18. exd5 Nxd5 19. Ne4 Nb4 20. Bg5 Qd7 21. Bxh6 d5 22. Bd2
Nd3 23. Nfg5 Qf5 24. Re3 Nxf2 25. Qf1 f6 26. Rf3 Qg6 27. Rxf2
fxg5 28. Qd3 Kh8 29. Bxd5 Bc5 30. Bxa8 Bxf2+ 31. Kxf2 1-0

[Event "2nd IECC"]
[Site "Ohrid MKD"]
[Date "2001.06.11"]
[EventDate "2001.06.05"]
[Round "10"]
[Result "1-0"]
[White "Emil Sutovsky"]
[Black "Sergei Movsesian"]
[WhiteElo "2604"]
[BlackElo "2661"]
[PlyCount "109"]

1. e4 c5 2. Nf3 e6 3. d4 cxd4 4. Nxd4 a6 5. Nc3 Qc7 6. g3 Nc6
7. Bg2 Nf6 8. O-O d6 9. Nxc6 bxc6 10. Na4 Bb7 11. Re1 Nd7
12. Bf4 Be7 13. Qd2 O-O 14. Rad1 e5 15. Bg5 Bxg5 16. Qxg5 Nf6
17. c4 c5 18. Qd2 Rad8 19. Re3 Bc6 20. Nc3 Qb7 21. b3 Ne8
22. Bh3 Kh8 23. Nd5 Bxd5 24. Qxd5 Qc7 25. Qd2 Rb8 26. f4 exf4
27. gxf4 Rb6 28. e5 dxe5 29. fxe5 Rg6+ 30. Kh1 Kg8 31. Bf5 Rh6
32. Qd8 Qc6+ 33. Qd5 Qb6 34. e6 Nf6 35. exf7+ Kh8 36. Qg2 Qc7
37. Be6 Nh5 38. Bd5 Nf6 39. Be6 Nh5 40. Bd5 Nf6 41. Rg1 Rg6
42. Qf3 Rxg1+ 43. Kxg1 h6 44. Qf5 Qa5 45. Qc2 Qb4 46. Qe2 Qb8
47. Re5 Qd8 48. Re7 Nxd5 49. Re8 Nf4 50. Rxf8+ Qxf8 51. Qe8
Ng6 52. b4 Kh7 53. Qxf8 Nxf8 54. bxc5 Ne6 55. c6 1-0

[Event "ECC"]
[Site "Panormo GRE"]
[Date "2001.09.26"]
[EventDate "2001.09.22"]
[Round "4"]
[Result "1-0"]
[White "Sergei Rublevsky"]
[Black "Kiril Dimitrov Georgiev"]
[WhiteElo "2639"]
[BlackElo "2695"]
[PlyCount "95"]

1. e4 c5 2. Nf3 Nc6 3. Bb5 g6 4. Bxc6 dxc6 5. d3 Bg7 6. h3 e5
7. Be3 Qe7 8. Qd2 Nf6 9. Bh6 Bxh6 10. Qxh6 Nd7 11. Nc3 f6
12. Nd2 Nf8 13. f4 exf4 14. Qxf4 Be6 15. O-O Nd7 16. Rae1 O-O
17. Nd5 Qf7 18. Nc7 Rad8 19. Qd6 Bxa2 20. b3 Ne5 21. Qe6 Kg7
22. Qxf7+ Kxf7 23. Ra1 Rc8 24. Na6 Bxb3 25. Nxb3 bxa6 26. Nxc5
Ke7 27. Rxa6 Rc7 28. Rfa1 Kd6 29. d4 Rff7 30. Kf2 Nc4 31. Ke2
Nb6 32. Kd3 Nd7 33. Nb3 Ke6 34. c4 Re7 35. Kc3 Nb8 36. d5+ Ke5
37. R6a5 cxd5 38. exd5 Rf7 39. Re1+ Kf4 40. Nd4 Rc8 41. Ne6+
Kg3 42. Re3+ Kh4 43. c5 g5 44. Nd4 Kh5 45. Nf5 Rd8 46. g4+ Kg6
47. Ne7+ Kg7 48. c6 1-0

[Event "3rd Open"]
[Site "Patras GRE"]
[Date "2001.07.24"]
[EventDate "2001.07.18"]
[Round "7"]
[Result "1-0"]
[White "Stelios Halkias"]
[Black "Petar Genov"]
[WhiteElo "2505"]
[BlackElo "2473"]
[PlyCount "53"]

1. d4 Nf6 2. c4 e6 3. Nf3 b6 4. Nc3 Bb4 5. Qb3 Qe7 6. Bg5 Bb7
7. e3 a5 8. a3 Bxc3+ 9. bxc3 d6 10. c5 dxc5 11. Bb5+ Kf8
12. Ne5 h6 13. Bh4 g5 14. Bg3 Ne4 15. O-O Nd2 16. Qc2 Nxf1
17. Rxf1 Kg7 18. f4 f5 19. fxg5 hxg5 20. Bd3 Rf8 21. Qe2 Qe8
22. e4 cxd4 23. exf5 exf5 24. Bxf5 dxc3 25. Qg4 Qe7 26. Qh5
Qc5+ 27. Bf2 1-0

[Event "EuTCh"]
[Site "Leon ESP"]
[Date "2001.11.13"]
[EventDate "2001.11.06"]
[Round "7"]
[Result "1-0"]
[White "Evgenij Agrest"]
[Black "Etienne Bacrot"]
[WhiteElo "2563"]
[BlackElo "2653"]
[PlyCount "75"]

1. d4 Nf6 2. c4 g6 3. Nc3 d5 4. cxd5 Nxd5 5. e4 Nxc3 6. bxc3
Bg7 7. Nf3 c5 8. Rb1 O-O 9. Be2 cxd4 10. cxd4 Qa5+ 11. Bd2
Qxa2 12. O-O Bg4 13. Bg5 h6 14. Be3 Nc6 15. d5 Bxf3 16. gxf3
Nd4 17. Bd3 a5 18. f4 b5 19. Kh1 Rfc8 20. f5 Qa4 21. Qd2 Nf3
22. Qe2 Ne5 23. fxg6 Nxd3 24. gxf7+ Kf8 25. Qg4 Ne5 26. Qf5
Nxf7 27. Rg1 Bf6 28. Rg6 Bg5 29. Bxg5 hxg5 30. Rxg5 Qd4
31. Rbg1 Qh8 32. e5 e6 33. dxe6 Rc7 34. Rh5 Qxe5 35. Rg8+ Ke7
36. Qxf7+ Kd6 37. Rxe5 Rxg8 38. Qxg8 1-0

[Event "11th Open"]
[Site "Chicago USA"]
[Date "2002.05.27"]
[EventDate "?"]
[Round "7"]
[Result "1-0"]
[White "Gregory Kaidanov"]
[Black "Alexander Onischuk"]
[WhiteElo "2616"]
[BlackElo "2641"]
[PlyCount "81"]

1.d4 Nf6 2.c4 e6 3.Nc3 Bb4 4.e3 O-O 5.a3 Bxc3+ 6.bxc3 d6 7.Ne2
e5 8.Ng3 Re8 9. Bd3 e4 10.Bb1 b6 11.f3 Ba6 12.fxe4 Bxc4 13.Qf3
Nbd7 14.Ra2 Bxa2 15.Bxa2 Nf8 16.O-O Ng6 17.Bd2 Qd7 18.Nf5 Qd8
19.e5 dxe5 20.e4 exd4 21.Nxg7 Ne5 22.Qh3 dxc3 23.Bxc3 Kxg7
24.Qg3+ Ng6 25.Bxf6+ Qxf6 26.Rxf6 Kxf6 27.h4 Re5 28.Qf3+ Kg7
29. h5 f6 30.hxg6 hxg6 31.Qd3 Rae8 32.Qc4 R5e7 33.Qc6 Rxe4
34.Qxc7+ R8e7 35.Qb8 Kh6 36.Qf8+ Kg5 37.Bf7 Rc7 38.Qg7 Rc1+
39.Kf2 Rc2+ 40.Kf3 Rf4+ 41.Ke3 1-0

[Event "ECC"]
[Site "Halkidiki GRE"]
[Date "2002.09.28"]
[EventDate "2002.09.22"]
[Round "7"]
[Result "1-0"]
[White "Alexey Dreev"]
[Black "Peter Svidler"]
[WhiteElo "2676"]
[BlackElo "2690"]
[PlyCount "51"]

1. d4 Nf6 2. c4 g6 3. Nc3 d5 4. Bf4 Bg7 5. e3 c5 6. dxc5 Qa5
7. Rc1 dxc4 8. Bxc4 O-O 9. Nge2 Qxc5 10. Qb3 Nc6 11. Nb5 Qh5
12. Ng3 Qh4 13. Nc7 g5 14. Bxg5 Qxg5 15. Nxa8 Bd7 16. Qxb7 Rb8
17. Qc7 Rxa8 18. Ba6 Ne8 19. Qxd7 Qa5+ 20. b4 Nxb4 21. O-O
Qxa6 22. Nf5 Nxa2 23. Rc6 Qa5 24. Nxe7+ Kf8 25. Nc8 Qb4
26. Rc4 1-0

[Event "ch-SVK"]
[Site "Kaskady SVK"]
[Date "2002.06.27"]
[EventDate "2002.06.27"]
[Round "1"]
[Result "0-1"]
[White "Sergei Movsesian"]
[Black "Emil Sutovsky"]
[WhiteElo "2624"]
[BlackElo "2660"]
[PlyCount "86"]

1. e4 c5 2. Nf3 d6 3. d4 cxd4 4. Nxd4 Nf6 5. Nc3 a6 6. Be3 e5
7. Nb3 Be6 8. f3 Be7 9. Qd2 O-O 10. O-O-O Qc7 11. g4 Rc8
12. Kb1 d5 13. exd5 Nxd5 14. Nxd5 Bxd5 15. Be2 a5 16. Bb6 Qxb6
17. Qxd5 Qc7 18. Bd3 a4 19. Nd2 a3 20. Bc4 axb2 21. Qxf7+ Kh8
22. c3 Ra3 23. Bb3 Qxc3 24. Nc4 Nc6 25. Nxb2 e4 26. Rc1 Qxf3
27. Qe6 Rf8 28. Bd5 Bf6 29. Bxe4 Rxa2 30. Rc2 Rxb2+ 31. Rxb2
Qa3 32. Qb3 Bxb2 33. Qxb2 Qe3 34. Bc2 Nd4 35. Rd1 Nxc2
36. Qxc2 Qb6+ 37. Kc1 Qe6 38. Qa4 Qh6+ 39. Kb1 Qxh2 40. Qb4
Ra8 41. Qxb7 Rb8 42. Kc1 Qf4+ 43. Kc2 Qc4+ 0-1

[Event "ECC"]
[Site "Halkidiki GRE"]
[Date "2002.09.26"]
[EventDate "2002.09.22"]
[Round "5"]
[Result "1-0"]
[White "Konstantin Sakaev"]
[Black "Vladislav Borovikov"]
[WhiteElo "2647"]
[BlackElo "2570"]
[PlyCount "51"]

1. d4 d5 2. c4 c6 3. Nf3 Nf6 4. Nc3 e6 5. Bg5 h6 6. Bh4 dxc4
7. e4 g5 8. Bg3 b5 9. Be2 Bb7 10. h4 g4 11. Ne5 h5 12. O-O
Nbd7 13. Qc2 Nxe5 14. Bxe5 Bg7 15. Bg3 b4 16. Na4 Qxd4
17. Bxc4 c5 18. e5 Qe4 19. Bb5+ Kf8 20. Qxc5+ Kg8 21. f3 gxf3
22. exf6 Bxf6 23. gxf3 Qg6 24. Kh2 Rc8 25. Qe3 Rc2+ 26. Rf2
1-0

[Event "Essent Crown"]
[Site "Hoogeveen NED"]
[Date "2002.10.19"]
[EventDate "2002.11.13"]
[Round "6"]
[Result "0-1"]
[White "Loek van Wely"]
[Black "Peter Acs"]
[WhiteElo "2681"]
[BlackElo "2591"]
[PlyCount "36"]

1. d4 Nf6 2. c4 e6 3. Nc3 Bb4 4. e3 O-O 5. Bd3 d5 6. cxd5 exd5
7. Nge2 Re8 8. O-O Bd6 9. a3 Ng4 10. h3 Nh2 11. Re1 Nf3+
12. gxf3 Qg5+ 13. Kh1 Qh4 14. Nf4 Bxh3 15. Ncxd5 Re6 16. Nxe6
Bf5+ 17. Kg1 Qh2+ 18. Kf1 Bg3 {!!} 0-1

[Event "Russian Championships"]
[Site "Krasnodar RUS"]
[Date "2002.09.01"]
[EventDate "2002.08.27"]
[Round "6"]
[Result "0-1"]
[White "Alexander Riazantsev"]
[Black "Vladimir Nevostrujev"]
[WhiteElo "2537"]
[BlackElo "2502"]
[PlyCount "44"]

1. d4 Nf6 2. c4 g6 3. Nc3 Bg7 4. Bg5 c5 5. d5 b5 6. cxb5 a6
7. e3 Qa5 8. Qd2 O-O 9. bxa6 e6 10. dxe6 dxe6 11. Ne4 Nxe4
12. Qxa5 Bxb2 13. Ne2 Bxa1 14. Bh6 Bxa6 15. Bxf8 Nc6 16. Qc7
Nb4 17. Bh6 Be5 18. Qd7 Nd3+ 19. Kd1 Rb8 20. Nd4 Rb1+ 21. Ke2
Ne1+ 22. Nb5 Nc3+ 0-1

[Event "Wijk aan Zee"]
[Site "Wijk aan Zee NED"]
[Date "2003.01.21"]
[EventDate "2003.01.14"]
[Round "9"]
[Result "1-0"]
[White "Zhong Zhang"]
[Black "Dennis De Vreugt"]
[WhiteElo "2624"]
[BlackElo "2504"]
[PlyCount "65"]

1. e4 e5 2. Nf3 Nc6 3. Bb5 a6 4. Bxc6 dxc6 5. O-O Be7 6. Nc3
Bf6 7. Qe2 Be6 8. b3 Ne7 9. Ba3 g5 10. d4 g4 11. Rad1 exd4
12. Nxd4 Bxd4 13. Na4 Ng6 14. c3 Nf4 15. Qc2 Nh3+ 16. gxh3
gxh3 17. Rd3 Rg8+ 18. Kh1 Qh4 19. cxd4 Qxe4+ 20. f3 Qh4
21. Nc5 O-O-O 22. Nxe6 Rg2 23. Qc5 Rdg8 24. Qe5 fxe6 25. Bc1
Kb8 26. Rdd1 Rf8 27. Be3 Rxa2 28. Qxe6 Qh5 29. d5 Re8 30. dxc6
Re2 31. Qh6 Qf5 32. Qg5 Qe6 33. Rd8+ 1-0

[Event "Bundesliga 0203"]
[Site "Germany"]
[Date "2002.10.19"]
[EventDate "?"]
[Round "10"]
[Result "1-0"]
[White "Alexey Shirov"]
[Black "Loek van Wely"]
[WhiteElo "2751"]
[BlackElo "2714"]
[PlyCount "49"]

1.e4 c5 2.Nf3 Nc6 3.Nc3 Nf6 4.Bb5 Qc7 5.O-O e6 6.Re1 Ng4
7.Bxc6 bxc6 8.e5 f6 9.d4 cxd4 10.Qxd4 Nxe5 11.Nxe5 fxe5
12.Rxe5 Be7 13.Bg5 Bd6 14.Bf4 c5 15.Qe3 a6 16.Nd5 Qc6 17.Rg5
h6 18.Bxd6 hxg5 19.Rd1 Rh6 20.Ne7 Qa4 21.Qf3 Bb7 22.Qxb7 Rd8
23.Ng8 Rh8 24.Qf3 Rxg8 25.Qh5+ 1-0

[Event "European Clubs Cup (Men)"]
[Site "Rethymnon GRE"]
[Date "2003.09.28"]
[EventDate "2003.09.28"]
[Round "1"]
[Result "0-1"]
[White "Merab Gagunashvili"]
[Black "Georgios Souleidis"]
[WhiteElo "2577"]
[BlackElo "2382"]
[PlyCount "60"]

1. d4 d5 2. c4 Nc6 3. cxd5 Qxd5 4. e3 e5 5. Nc3 Bb4 6. Bd2
Bxc3 7. bxc3 Nf6 8. f3 O-O 9. e4 Qd6 10. Be3 exd4 11. cxd4 Re8
12. Qd2 Bf5 13. Be2 Bxe4 14. fxe4 Nxe4 15. Qb2 Ng3 16. hxg3
Rxe3 17. O-O-O Nb4 18. Bc4 b5 19. Bxf7+ Kxf7 20. Qf2+ Qf6
21. Qxf6+ Kxf6 22. Rf1+ Kg6 23. Nf3 h6 24. Nh4+ Kh7 25. Rf7
Rxg3 26. Rxc7 Rf8 27. Rxa7 Rf2 28. Kb1 Nd5 29. Ka1 b4 30. Ra5
Ra3 0-1

[Event "5th Karpov It Tournament"]
[Site "Poikovsky RUS"]
[Date "2004.03.23"]
[EventDate "2004.03.17"]
[Round "6"]
[Result "0-1"]
[White "Vladimir Malakhov"]
[Black "Vadim Zvjaginsev"]
[WhiteElo "2700"]
[BlackElo "2654"]
[PlyCount "86"]

1. Nf3 Nf6 2. c4 g6 3. Nc3 Bg7 4. e4 d6 5. Be2 O-O 6. O-O e5
7. d4 Nc6 8. d5 Ne7 9. Nd2 a5 10. a3 Bd7 11. b3 c6 12. Bb2 Qb6
13. dxc6 bxc6 14. Na4 Qc7 15. c5 d5 16. Nb6 Rad8 17. Bc3 Nxe4
18. Nxe4 dxe4 19. Bxa5 Nf5 20. Nc4 Qb8 21. Bxd8 Rxd8 22. b4
Be6 23. Qe1 Nd4 24. Na5 Qc8 25. Rd1 Bh6 26. Kh1 Bf4 27. a4 Bd5
28. Bc4 Nf3 29. Qe2 Nxh2 30. Bxd5 cxd5 31. f3 Nxf1 32. Rxf1 e3
33. c6 d4 34. Rd1 Bg3 35. f4 e4 36. Nb3 d3 37. Qxe3 Qg4
38. Rb1 Qh4+ 39. Kg1 Qh2+ 40. Kf1 Qh1+ 41. Qg1 e3 42. Qxh1 e2+
43. Kg1 d2 0-1

[Event "3rd Aeroflot Festival"]
[Site "Moscow RUS"]
[Date "2004.02.24"]
[EventDate "2004.02.17"]
[Round "8"]
[Result "1-0"]
[White "Sergei Rublevsky"]
[Black "Karen Asrian"]
[WhiteElo "2655"]
[BlackElo "2599"]
[PlyCount "67"]

1. e4 c6 2. d4 d5 3. e5 c5 4. c4 cxd4 5. Nf3 Nc6 6. Nxd4 e6
7. Nc3 Bb4 8. Nxc6 bxc6 9. Bd3 d4 10. a3 Ba5 11. b4 Bc7
12. Ne4 Bxe5 13. Qh5 Qc7 14. f4 Bd6 15. Bb2 Ne7 16. O-O Bxf4
17. Bxd4 Nf5 18. Bc5 Ba6 19. Rxf4 Qxf4 20. Rf1 Qh6 21. Rxf5
Qxh5 22. Nd6+ Kd7 23. Rxh5 Raf8 24. b5 Bc8 25. Rh4 Kc7
26. Nxc8 Rxc8 27. Bxa7 Rhd8 28. Be4 Rd1+ 29. Kf2 Rcd8 30. Rxh7
R8d2+ 31. Kg3 Ra2 32. Bc5 Rc1 33. b6+ Kb7 34. Rxg7 1-0

[Event "Skanska open"]
[Site "?"]
[Date "2004.??.??"]
[EventDate "2004.07.29"]
[Round "6"]
[Result "0-1"]
[White "Tejas Bakre"]
[Black "Beata Kadziolka"]
[WhiteElo "2492"]
[BlackElo "2298"]
[PlyCount "54"]

1. e4 c5 2. Nf3 d6 3. d4 cxd4 4. Nxd4 Nf6 5. Nc3 g6 6. Be3 Bg7
7. f3 O-O 8. Qd2 Nc6 9. Bc4 Bd7 10. O-O-O Rc8 11. Bb3 Nxd4
12. Bxd4 b5 13. Bxa7 b4 14. Nd5 Nxd5 15. exd5 Qa5 16. Bd4
Rxc2+ 17. Bxc2 Qxa2 18. Qf2 Rc8 19. Kd2 Rxc2+ 20. Kxc2 Qc4+
21. Kd2 Bxd4 22. Qe2 Bc3+ 23. Ke3 Qc5+ 24. Ke4 Bf5+ 25. Kf4
Be5+ 26. Kg5 f6+ 27. Kh4 g5+ 0-1

[Event "Capablanca Memorial ELITE"]
[Site "?"]
[Date "2004.05.15"]
[EventDate "2004.05.06"]
[Round "10"]
[Result "1-0"]
[White "Lazaro Bruzon Batista"]
[Black "Alejandro Ramirez Alvarez"]
[WhiteElo "2602"]
[BlackElo "2542"]
[PlyCount "65"]

1. d4 d5 2. c4 c6 3. Nc3 Nf6 4. e3 a6 5. Qc2 Bg4 6. f3 Bh5
7. Qb3 b5 8. cxd5 cxd5 9. g4 Bg6 10. g5 Nfd7 11. h4 h6 12. h5
hxg5 13. hxg6 Rxh1 14. Qxd5 Qc7 15. gxf7+ Kd8 16. Nh3 Ra7
17. f4 Qc6 18. Nxg5 Qh6 19. Bd2 Qh4+ 20. Ke2 Kc8 21. Nxb5 Rh2+
22. Kd3 axb5 23. Ne6 Rxd2+ 24. Kxd2 Qf2+ 25. Be2 Nb6 26. Rc1+
Nc4+ 27. Rxc4+ bxc4 28. Qc5+ Kb7 29. Nd8+ Ka8 30. Qd5+ Nc6
31. Qxc6+ Kb8 32. Qb6+ Ka8 33. Nc6 1-0

[Event "Russia Team Championship"]
[Site "Sochi RUS"]
[Date "2004.04.21"]
[EventDate "2004.04.20"]
[Round "2"]
[Result "1-0"]
[White "Alexander Morozevich"]
[Black "Viktor Bologan"]
[WhiteElo "2732"]
[BlackElo "2665"]
[PlyCount "55"]

1. e4 c6 2. d4 d5 3. f3 e6 4. Nc3 Bb4 5. Bf4 Ne7 6. Qd3 b6
7. Nge2 Ba6 8. Qe3 O-O 9. O-O-O c5 10. a3 Bxc3 11. Qxc3 Bxe2
12. Bxe2 c4 13. h4 b5 14. Qe1 Nbc6 15. h5 Qd7 16. g4 f6
17. Bf1 Rad8 18. Bh3 dxe4 19. fxe4 Nxd4 20. g5 f5 21. Kb1 Qc6
22. h6 fxe4 23. Qc3 e3 24. Rxd4 Qxh1+ 25. Ka2 Qxh3 26. Rxd8
gxh6 27. gxh6 Qg4 28. Qh8+ 1-0

[Event "World Cup"]
[Site "Khanty-Mansiysk RUS"]
[Date "2011.09.07"]
[EventDate "2011.08.28"]
[Round "4.2"]
[Result "0-1"]
[White "Gata Kamsky"]
[Black "Peter Svidler"]
[WhiteElo "2741"]
[BlackElo "2739"]
[PlyCount "56"]

1. e4 e5 2. Nf3 Nc6 3. Bb5 a6 4. Ba4 Nf6 5. O-O b5 6. Bb3 Bc5
7. a4 Rb8 8. axb5 axb5 9. c3 d6 10. d4 Bb6 11. Be3 O-O
12. Nbd2 h6 13. h3 Re8 14. Qc2 exd4 15. cxd4 Na5 16. Ba2 Bb7
17. e5 Nd5 18. Bb1 g6 19. Bxh6 Nc6 20. exd6 Qxd6 21. Ne4 Qb4
22. Ba2 Nxd4 23. Nf6+ Kh8 24. Nxd4 Nxf6 25. Nc6 Qh4 26. Nxb8
Re2 27. Qc3 Rxf2 28. Nc6 Rxf1+ 0-1

[Event "World Cup"]
[Site "Khanty-Mansiysk RUS"]
[Date "2011.08.31"]
[EventDate "2011.08.28"]
[Round "2.1"]
[Result "1-0"]
[White "Vugar Gashimov"]
[Black "Sergei Azarov"]
[WhiteElo "2760"]
[BlackElo "2648"]
[PlyCount "45"]

1. e4 e5 2. Nf3 Nc6 3. Bb5 f5 4. d3 fxe4 5. dxe4 Nf6 6. Be3
Bb4+ 7. c3 Be7 8. Bxc6 bxc6 9. Nxe5 Ba6 10. Nd2 Rb8 11. Qa4
Qc8 12. O-O-O O-O 13. Bg5 Kh8 14. c4 c5 15. h4 Rb6 16. h5 d6
17. Ng6+ hxg6 18. hxg6+ Kg8 19. Qa3 Qg4 20. f4 Rfb8 21. Rh4
Qe6 22. Rdh1 Kf8 23. f5 1-0